History Quiz

Random History or City Quiz

Cities in the U.S with over 500,000 people Quiz Stats

 Plays Quiz not verified by Sporcle

Challenge
Share
Tweet
Embed
Score 0/31 Timer 03:00
0 Plays Today
State city % Correct
NYNew York
97.2%
ILChicago
91.2%
CALos Angeles
90%
TXHouston
85.1%
AZPhoenix
84.3%
TXDallas
82.7%
PAPhiladelphia
81.5%
CASan Diego
79.9%
CASan Francisco
77.5%
TXSan Antonio
76.3%
NVLas Vegas
69.9%
MABoston
69.5%
TXAustin
69.1%
INIndianapolis
68.7%
MIDetroit
68.3%
WASeattle
67.5%
State city % Correct
CODenver
65.9%
ORPortland
65.1%
DCWashington
64.3%
CASan Jose
63.5%
MDBaltimore
63.5%
FLJacksonville
63.1%
OHColumbus
61%
OKOklahoma City
59.4%
NCCharlotte
58.2%
TNMemphis
56.2%
TXFort Worth
55%
WIMilwaukee
55%
TXEl Paso
52.2%
AZTucson
49.8%
NMAlbuquerque
46.6%

You're not logged in!

Compare scores with friends on all Sporcle quizzes.
Join for Free
OR
Log In

You Might Also Like...

Show Comments

Extras

Top Quizzes Today


Score Distribution

Your Account Isn't Verified!

In order to create a playlist on Sporcle, you need to verify the email address you used during registration. Go to your Sporcle Settings to finish the process.

Report this User

Report this user for behavior that violates our Community Guidelines.

Details: